Социальная работа: введение в профессиональную деятельность: учебное пособие

Bibliografische gegevens
Andere auteurs: Козлов А. А. (редактор)
Samenvatting:Исключено из фонда НТБ ТПУ
Taal:Russisch
Gepubliceerd in: Москва, Международный проект, 2005
Reeks:Учебное пособие для высшей школы XXI века
Formaat: MixedMaterials Boek
KOHA link:https://koha.lib.tpu.ru/cgi-bin/koha/opac-detail.pl?biblionumber=104007

MARC

LEADER 00000nam0a2200000 4500
001 104007
005 20231031113826.0
010 |a 5859710461 
035 |a (RuTPU)RU\TPU\book\112118 
090 |a 104007 
100 |a 20061025d2005 m y0rusy50 ca 
101 0 |a rus 
102 |a RU 
105 |a y j 001zy 
200 1 |a Социальная работа: введение в профессиональную деятельность  |e учебное пособие  |f под ред. А. А. Козлова 
210 |a Москва  |c Международный проект  |d 2005 
215 |a 368 с. 
225 1 |a Учебное пособие для высшей школы XXI века 
320 |a Библиогр. в конце тем. 
333 |a Исключено из фонда НТБ ТПУ 
686 |a У9(2)272я73  |v LBC/SL-A  |2 rubbk 
702 1 |a Козлов  |b А. А.  |4 340 
801 1 |a RU  |b 63413507  |c 20061025  |g PSBO 
801 2 |a RU  |b 63413507  |c 20211018  |g PSBO 
942 |c BK